[Event "Nichelino op 12th"]
[Site "Nichelino"]
[Date "2011.10.08"]
[Round "4"]
[White "Drago, Paolo"]
[Black "Raccanello, Ivano"]
[Result "1/2-1/2"]
[WhiteElo "1735"]
[BlackElo "1799"]
[PlyCount "46"]
[EventDate "2011.10.06"]
[EventType "swiss"]
[EventRounds "6"]
[EventCountry "ITA"]
[SourceTitle "EXT 2023"]
[Source "ChessBase"]
[SourceDate "2022.10.05"]
[SourceVersion "1"]
[SourceVersionDate "2022.10.05"]
[SourceQuality "1"]

1. d4 f5 2. e4 fxe4 3. c4 Nf6 4. Nc3 g6 5. Qc2 Bg7 6. Nxe4 0-0 7. Nf3 d6 8. Bd3 Nc6 9. Qc3 Bg4 10. Be3 Bxf3 11. gxf3 Nh5 12. Ng5 Qd7 13. Rg1 e5 14. dxe5 Nxe5 15. Qc2 Nxd3+ 16. Qxd3 Rae8 17. 0-0-0 Qf5 18. Qb3 Nf4 19. Rd2 Kh8 20. Rg4 Ne6 21. Rd5 Qf6 22. Rg3 Nf4 23. Rd2 b6 1/2-1/2

[Event "Nichelino op 12th"]
[Site "Nichelino"]
[Date "2011.10.07"]
[Round "2"]
[White "Salerno, Carmine"]
[Black "Raccanello, Ivano"]
[Result "0-1"]
[WhiteElo "1666"]
[BlackElo "1799"]
[PlyCount "120"]
[EventDate "2011.10.06"]
[EventType "swiss"]
[EventRounds "6"]
[EventCountry "ITA"]
[SourceTitle "EXT 2023"]
[Source "ChessBase"]
[SourceDate "2022.10.05"]
[SourceVersion "1"]
[SourceVersionDate "2022.10.05"]
[SourceQuality "1"]

1. c4 f5 2. e3 Nf6 3. Nc3 g6 4. Nge2 Bg7 5. d4 0-0 6. g3 d6 7. Bg2 c6 8. 0-0 e5 9. dxe5 dxe5 10. Qc2 Na6 11. a3 Be6 12. b3 Qe7 13. Bb2 Rad8 14. Na4 e4 15. Nd4 Nd7 16. Nxe6 Qxe6 17. Bxg7 Kxg7 18. b4 Ne5 19. Nb2 Rd7 20. Rfd1 Rfd8 21. Bf1 Qf6 22. c5 Rd2 23. Rxd2 Rxd2 24. Qb3 Rxb2 25. Qa4 Nd3 26. Bxd3 exd3 27. Rd1 Qd8 28. b5 Rxb5 29. Qf4 Rxc5 30. e4 fxe4 31. Qxe4 d2 32. Qb1 Rc1 33. Rxc1 dxc1Q+ 34. Qxc1 Qf6 35. Qe3 b6 36. Qd3 Nc5 37. Qe3 Ne6 38. Kg2 c5 39. Qe4 Nd4 40. Qb7+ Qf7 41. Qe4 Qf3+ 42. Qxf3 Nxf3 43. Kxf3 Kf6 44. Ke4 Ke6 45. f4 b5 46. g4 b4 47. axb4 cxb4 48. Kd3 Kd5 49. h4 a5 50. h5 a4 51. hxg6 hxg6 52. f5 gxf5 53. gxf5 Ke5 54. f6 Kxf6 55. Kc4 a3 56. Kb3 Ke5 57. Ka2 Kd4 58. Kb3 Kd3 59. Ka2 Kc3 60. Kb1 b3 0-1

[Event "Ivrea op 14th"]
[Site "Ivrea"]
[Date "2010.03.20"]
[Round "2"]
[White "Raccanello, Ivano"]
[Black "Bosticardo, Tommaso"]
[Result "1-0"]
[WhiteElo "1727"]
[BlackElo "1503"]
[PlyCount "83"]
[EventDate "2010.03.19"]
[EventType "swiss"]
[EventRounds "5"]
[EventCountry "ITA"]
[SourceTitle "EXT 2024"]
[Source "ChessBase"]
[SourceDate "2023.10.10"]
[SourceVersion "1"]
[SourceVersionDate "2023.10.10"]
[SourceQuality "1"]

1. d4 Nf6 2. c4 g6 3. Nc3 Bg7 4. e4 d6 5. Nge2 0-0 6. Ng3 e5 7. d5 c6 8. Be2 Ne8 9. h4 cxd5 10. cxd5 a6 11. a4 Nd7 12. h5 Nc5 13. b4 Nd7 14. hxg6 fxg6 15. Be3 Nc7 16. a5 Rb8 17. Na4 Nb5 18. Bxb5 axb5 19. Nc3 Qc7 20. Rc1 Qc4 21. Qe2 Qxb4 22. Qxb5 Nc5 23. Qxb4 Nd3+ 24. Kd2 Nxb4 25. Rb1 Na6 26. Rb6 Rd8 27. Nb5 Bf8 28. Bg5 Rd7 29. f4 Nc5 30. Nc3 Bg7 31. Nb5 Bf8 32. fxe5 Na4 33. e6 Nxb6 34. axb6 Rg7 35. Nc7 h5 36. Ne8 Rh7 37. Nf6+ Kg7 38. Nxh7 Kxh7 39. Rf1 Kg7 40. Bh6+ Kxh6 41. Rxf8 Kg7 42. e7 1-0

[Event "Ivrea op 14th"]
[Site "Ivrea"]
[Date "2010.03.19"]
[Round "1"]
[White "Giunto, Stefano"]
[Black "Raccanello, Ivano"]
[Result "1/2-1/2"]
[WhiteElo "1377"]
[BlackElo "1727"]
[PlyCount "88"]
[EventDate "2010.03.19"]
[EventType "swiss"]
[EventRounds "5"]
[EventCountry "ITA"]
[SourceTitle "EXT 2024"]
[Source "ChessBase"]
[SourceDate "2023.10.10"]
[SourceVersion "1"]
[SourceVersionDate "2023.10.10"]
[SourceQuality "1"]

1. e4 e6 2. Nf3 d5 3. e5 c5 4. d4 Nc6 5. Be3 Qb6 6. b3 cxd4 7. Nxd4 Bc5 8. Bb5 Bd7 9. Bxc6 Bxc6 10. c3 Ne7 11. b4 Bxd4 12. Bxd4 Qc7 13. a4 b5 14. a5 Nf5 15. f4 Nxd4 16. Qxd4 Bd7 17. 0-0 a6 18. Nd2 Qa7 19. Qxa7 Rxa7 20. Nb3 Ke7 21. Nc5 Bc8 22. g4 h5 23. g5 g6 24. h4 Rd8 25. Rfd1 Rc7 26. Rd3 Rf8 27. Kg2 Rd8 28. Kf3 Rf8 29. Ke3 Rc6 30. Rd4 Rd8 31. Rc1 Rc7 32. Rd3 Rc6 33. Kd4 Rc7 34. Rf3 Rc6 35. Rd3 Rc7 36. Ke3 Rc6 37. Rd4 Rc7 38. Nd3 Bb7 39. Nc5 Bc8 40. Nb3 Bb7 41. Nd2 Rdc8 42. Rd3 Rc6 43. Nf3 Rc4 44. Nd4 R8c7 1/2-1/2